000
00271nam a2200109Ia 4500
008
220204s9999 xx 000 0 und d
082
_a
323:396(540)
_b
VIJ
100
_a
Vijay Agnew
245
0
_a
Elite women in Indian Politics
260
_a
Delhi
_b
Vikas
_c
1979
942
_c
BK
999
_c
31093
_d
31093